| 000 | 02509nam a2200565 i 4500 | ||
|---|---|---|---|
| 001 | 1206 | ||
| 003 | KOSZ 005 | ||
| 005 | 20200629121517.0 | ||
| 008 | 200626s1985 pl a 000 0 pol | ||
| 015 | _aUWD 1985/2495 | ||
| 020 | _a8321331882 | ||
| 035 | _a991008148279705066 | ||
| 035 | _a(PL-WaBN)b12098759-48omnis_nlop | ||
| 035 | _ab12098759 | ||
| 035 | _a(OCoLC)835911195 | ||
| 035 | _a(PL)b0000001209875 | ||
| 035 | _a(EXLNZ-48OMNIS_NETWORK)9910105064905606 | ||
| 040 |
_aWA N _cWA N _dKOSZ 005/AR |
||
| 046 | _k1985 | ||
| 080 | _a69:728 | ||
| 080 | _a69:728.3 | ||
| 080 | _a631.2 | ||
| 080 | _a636 | ||
| 100 | 1 |
_aWojciechowski, Lech _eAutor |
|
| 245 | 1 | 0 |
_aChcę budować : _binformator dla budujących indywidualnie / _cLech Wojciechowski. |
| 250 | _aWydanie 4 zmienione. | ||
| 260 |
_aWarszawa : _b"Arkady", _c1985. |
||
| 300 |
_a126, [1] strona : _bilustracje ; _c22 x 23 cm. |
||
| 336 |
_aTekst _btxt _2rdacontent |
||
| 337 |
_aBez urządzenia pośredniczącego _bn _2rdamedia |
||
| 338 |
_aWolumin _bnc _2rdacarrier |
||
| 380 | _aPublikacje fachowe | ||
| 388 | _a1901-2000 | ||
| 388 | _a1945-1989 | ||
| 500 | _aDruk trzyszpaltowy. | ||
| 504 | _aBibliografia na stronie [127]. | ||
| 520 | _aKsiążka zawiera podstawowe informacje dla budujących indywidualnie. Opisano zagospodarowanie działki budowlanej w mieście i na wsi, materiały stosowane w budownictwie niskim, zasady prowadzenia robót budowlanych oraz koszty budowy. Podano także informacje dotyczące wyboru projektów typowych, zamawiania projektów indywidualnych i uzyskania pozwolenia na budowę oraz koszty prac projektowych. Ponadto omówiono obowiązujące przepisy i formy pomocy Państwa dla budownictwa ze środków własnych ludności według stanu na dzień 31.12.1983. | ||
| 521 | _aKsiążka przeznaczona jest dla szerokiej rzeszy czytelników w mieście i na wsi, którzy mają zamiar realizować obiekty na swoje potrzeby ze środków własnych. | ||
| 650 | 7 |
_aBudownictwo mieszkaniowe _2DBN |
|
| 650 | 7 |
_aBudownictwo jednorodzinne _2DBN |
|
| 650 | 7 |
_aBudownictwo wiejskie _2DBN |
|
| 650 | 7 |
_aBudownictwo inwentarskie _2DBN |
|
| 655 | 7 |
_aInformator _2DBN |
|
| 655 | 7 |
_aPoradnik _2DBN |
|
| 658 | _aArchitektura i budownictwo | ||
| 710 | 2 |
_aWydawnictwo Arkady _4pbl |
|
| 856 |
_uhttp://koha.tu.koszalin.pl/cgi-bin/koha/opac-detail.pl?biblionumber=1206 _yKatalog online BPK |
||
| 942 |
_2UKD _cKS |
||
| 999 |
_c1206 _d1206 |
||